| 000 | 00989nac a22002777a 4500 | ||
|---|---|---|---|
| 001 | BR7600882 | ||
| 003 | BR-BrBNA | ||
| 005 | 20240105113915.0 | ||
| 008 | 230509b bl.|||m| |||| 00| 0 por d | ||
| 040 |
_aBR-BrBNA _bpor _cBiblioteca Nacional de Agricultura |
||
| 072 | _aF00 | ||
| 090 | _a0331 BR7600882 | ||
| 100 | 1 | _aCrisostomo, J.R. | |
| 100 | 1 | _aSampaio, H.S. de V. | |
| 110 | 1 |
_aEmpresa Brasileira de Pesquisa Agropecuaria, Salvador, BA (Brasil). Representacao no Estado da Bahia _93906 |
|
| 245 | 1 | _aO decote na producao da mamoneira (Ricinus communis, L.)na Bahia [pratica cultural] | |
| 260 | 3 |
_aSalvador, BA (Brasil): _c1975. |
|
| 300 | _a8 p. | ||
| 490 |
_aComunicado Tecnico - Empresa Brasileira de Pesquisa Agropecuaria. Representacao no Estado da Bahia (Brazil) _vno. 12 _x |
||
| 500 | _aSummary (Pt); 10 ref. | ||
| 650 | _aMAMONA | ||
| 650 | _aPRATICA CULTURAL | ||
| 650 | _aBAHIA | ||
| 909 |
_a202312 _bLúcia Elande _c55 _dLúcia Elande |
||
| 942 |
_2AGRIS _n0 _cMS |
||
| 999 |
_c266279 _d266279 |
||